000 00737nam a2200241Ia 4500
003 OSt
005 20221005133540.0
006 a|||||r|||| 00| 0
007 ta
008 221004b |||||||| |||| 00| 0 hin d
024 _a22898
037 _cTextual
040 _aCRL
_cCRL
_bhin
041 _2hin
_ahin
082 _aDelta2y7M36, 152G1
100 _aगुप्त, केदारनाथ
245 0 _aईश्वरीय बोध
246 _aĪshvarīya bodha
260 _c1931
650 _aआध्यात्मिक अनुभव और रहस्यवाद
942 _hDelta2y7M36, 152G1
_cTEXL
_2cc
999 _c1067177
_d1067177